LEADER 01348nam a2200241 u 4500 001 000000051708 003 CaOOAMICUS 005 20070226115352.0 008 000925s1829 it u000 u ita u 035 $a10856442 040 $aPUL(R)$bita 110 1 $aSanta Sede.$0(OLS)http://pul/name/987 240 10$aTrattati, ecc.$9(Santa Sede).$gItalia,$811 feb. 1929.$0(OLS)http://pul/title/32242 245 10$aTrattato e concordato fra la Santa Sede e l'Italia ed allegati ed disposizioni relative :$bsottoscritte in Roma nel Palazzo del Laterano l'11 febbraio 1929 VII ed approvati con Legge 27 maggio 1929 VII, n. 819. 260 $aRoma :$bIstituto poligrafico dello Stato,$c1929. 300 $a37 p., 22 c. di tav. :$bill., piante. ;$c20 cm 630 04$aTrattati, ecc.$9(Santa Sede).$gItalia.$0(OLS)http://pul/subject/23101 850 $aPUL 852 $aPUL$W1$xDP1 Fondo Ciprotti$y59$m1541 B 13$j68483$nBK-PRI$b $qFondi$B68483$CPULBib$Z2$F68483 $81 941 1 $a1 961 $aINV: F.Ciprotti 996 $6245$aTrattato e concordato fra la Santa Sede e l'Italia ed allegati ed disposizioni relative :$bsottoscritte in Roma nel Palazzo del Laterano l'11 febbraio 1929 VII ed approvati con Legge 27 maggio 1929 VII, n. 819$9(OLS)http://pul/title/69439 996 $6260$aRoma :$bIstituto poligrafico dello Stato$9(OLS)http://pul/publisher/51452 LEADER 01189nam a2200277 a 4500 001 000000152864 003 CaOOAMICUS 005 20160713170455.0 008 160713s1996 sp u000 u spa r 020 $a84-7914-272-3* 032 $aLibriCat 040 $aPUL$bita 245 00$aEuropa, Iglesia y patrimonio cultural :$bTextos inernacionales /$cintroduccion y seleccion por Santiago Petschen . 260 $aMadrid :$bBiblioteca de autores cristianos,$c1996. 300 $aXVIII, 338 p. ;$c20 cm. 490 1 $aBiblioteca de autores cristianos ;$v569 700 1 $aPetschen, Santiago.$0(OLS)http://pul/name/97363 830 0$aBiblioteca de autores cristianos ;$v569.$0(OLS)http://pul/title/1365 850 $aPUL 852 $aPUL$W1$xDP1 Fondo G. Barberini$y122$m3 A 3$j42123$qFondi$B178376$CPULBib$Z2$F178376 $HBar1713 $81 941 1 $a1 983 0$aBAC. 996 $6020$a84-7914-272-3*$9(OLS)http://pul/number/160624 996 $6245$aEuropa, Iglesia y patrimonio cultural :$bTextos inernacionales$9(OLS)http://pul/title/192298 996 $6260$aMadrid :$bBiblioteca de autores cristianos$9(OLS)http://pul/publisher/51328